[Event "100th ch-GBR 2013"]
[Site "Torquay ENG"]
[Date "2013.08.09"]
[Round "11.9"]
[White "Weller,Jean-Luc"]
[Black "Williams,Si1"]
[Result "1/2-1/2"]
[WhiteElo "2172"]
[BlackElo "2481"]

1.d4 Nf6 2.c4 g6 3.Nc3 Bg7 4.e4 O-O 5.Nf3 d6 6.Be2 e5 7.dxe5 dxe5 8.Qxd8 Rxd8
9.Bg5 Re8 10.O-O Na6 11.Rfd1 Bg4 12.h3 Bxf3 13.Bxf3 h6 14.Be3 c6 15.Na4 Bf8
16.a3 b6 17.b4 Nc7 18.Nc3 Ne6 19.b5 cxb5 20.cxb5 Rad8 21.Rxd8 Rxd8 22.Nd5 Nxd5
23.exd5 Nc5 24.Bxc5 Bxc5 25.a4 f5 26.Be2 Kg7 27.Bc4 Kf6 28.Kf1 e4 29.Ke2 Ke5
30.Bb3 Kd4 31.Rc1 g5 32.Ba2 h5 33.Rc2 f4 34.Rc1 Rd7 35.Rd1+ Ke5 36.d6 Bd4
37.Rc1 Rxd6 38.Rc6 g4 39.hxg4 hxg4 40.Rxd6 Kxd6 41.f3 exf3+ 42.gxf3 g3 43.Kf1 Kc5
44.Bb3 Kb4 45.Bd1 Bc5 46.Kg2 Kc3 47.Kf1  1/2-1/2

[Event "100th ch-GBR 2013"]
[Site "Torquay ENG"]
[Date "2013.08.09"]
[Round "11.20"]
[White "Osborne,M"]
[Black "Lenier,J"]
[Result "1-0"]
[WhiteElo "2269"]
[BlackElo "2119"]

1.d4 Nf6 2.c4 g6 3.Nc3 Bg7 4.e4 d6 5.Be2 O-O 6.Nf3 e5 7.d5 a5 8.Bg5 h6 9.Bh4 Na6
10.Nd2 Qe8 11.O-O Nh7 12.a3 f5 13.exf5 Bxf5 14.Nde4 g5 15.Bg3 Nf6 16.Bd3 Qg6
17.Qb1 Nxe4 18.Nxe4 a4 19.Re1 b6 20.f3 Nc5 21.Nxc5 bxc5 22.Bxf5 Qxf5 23.Qd1 Rfb8
24.Re2 Rb3 25.Be1 g4 26.fxg4 Qxg4 27.Bc3 Qxc4 28.Re3 Rf8 29.Rg3 Rf5 30.Rc1 Qf4
31.Qc2 Rf6 32.Rf3 Qg5 33.Rxf6 Qxf6 34.Rf1 Qg5 35.Qe4 Rb8 36.Qxa4 Qe3+ 37.Kh1 Rf8
38.Rg1 e4 39.Bxg7 Kxg7 40.Qd7+ Rf7 41.Qg4+ Kh7 42.h3 Qd3 43.Rd1 Rf1+ 44.Rxf1 Qxf1+
45.Kh2 Qd3 46.Qd7+ Kg6 47.Qe6+ Kg7 48.Qg4+ Kh7 49.Qf5+ Kg7 50.a4 Qd4 51.a5 Qxb2
52.Qd7+ Kg6 53.Qg4+ Kf7 54.Qxe4 Qa1 55.Qe6+ Kg7 56.Qd7+ Kg6 57.Qe6+ Kg7 58.h4 Qxa5
59.h5 Qd2 60.Qe7+ Kg8 61.Qe8+ Kg7 62.Qe7+ Kg8 63.Qd8+ Kf7 64.Qxc7+ Kf6 65.Qxd6+ Kg5
66.Qe5+ Kg4 67.d6 c4 68.Qe6+ Kxh5 69.d7 Qf4+ 70.Kg1 Qd4+ 71.Kf1 Qd1+ 72.Kf2 Qd4+
73.Ke2 Qd3+ 74.Kf2 Qd4+ 75.Kg3 Kg5 76.Qg8+  1-0

[Event "HZ Open 2013"]
[Site "Vlissingen NED"]
[Date "2013.08.09"]
[Round "8.21"]
[White "Goormachtigh,J"]
[Black "L'Ami,Alina"]
[Result "0-1"]
[WhiteElo "2182"]
[BlackElo "2358"]

1.d4 Nf6 2.c4 g6 3.Nc3 Bg7 4.e4 d6 5.Be2 O-O 6.Nf3 e5 7.Be3 Ng4 8.Bg5 f6
9.Bh4 g5 10.Bg3 Nh6 11.h3 Nc6 12.d5 Ne7 13.Nd2 Ng6 14.Bg4 f5 15.exf5 Nxf5
16.Nde4 Nf4 17.Rg1 Bd7 18.Qd2 Be8 19.Bxf5 Rxf5 20.f3 a6 21.Nd1 b5 22.Ne3 Rf8
23.Rh1 bxc4 24.Nxc4 Rb8 25.Rd1 Bb5 26.b3 Bd7 27.Ne3 h5 28.h4 g4 29.fxg4 hxg4
30.Ng5 Qe8 31.Qc2 e4 32.Bxf4 Rxf4 33.g3 Rf8 34.Ne6 Bxe6 35.dxe6 Qxe6 36.Qc4 Qxc4
37.Nxc4 Rf3 38.Rg1 Rbf8 39.Rg2 R8f5 40.Ke2 Bh6  0-1

[Event "HZ Open 2013"]
[Site "Vlissingen NED"]
[Date "2013.08.09"]
[Round "8.30"]
[White "Lacrosse,M"]
[Black "Majhi,Ankit"]
[Result "1/2-1/2"]
[WhiteElo "2203"]
[BlackElo "2069"]

1.d4 Nf6 2.c4 g6 3.Nc3 Bg7 4.e4 d6 5.Be2 O-O 6.Be3 e5 7.Nf3 Nbd7 8.O-O Re8
9.d5 Nh5 10.g3 Bf8 11.Ne1 Ng7 12.Nd3 f5 13.f3 Be7 14.Qd2 Nf6 15.Nf2 Rf8 16.b4 h5
17.Bg5 Nh7 18.Bxe7 Qxe7 19.Nd3 g5 20.Rac1 f4 21.c5 Bh3 22.Rf2 Rf6 23.Bf1 Bxf1
24.Rfxf1 fxg3 25.hxg3 Raf8 26.Kg2 h4 27.g4 a6 28.Nd1 Qf7 29.Ne3 h3+ 30.Kh2 Rxf3
31.Nf5 Rxf5 32.gxf5 Qh5 33.Qd1 g4 34.Rg1 Ng5 35.Qxg4 Nf3+ 36.Kh1 Nxg1 37.Rxg1 Qh6
38.Qg5 Qxg5 39.Rxg5 Kf7 40.Rg6 Ne8 41.Nf2 Nf6 42.Rh6 b6 43.Rxh3 bxc5 44.bxc5 Rb8
45.cxd6 cxd6 46.Rb3 Rxb3 47.axb3 a5 48.Kg2 Nd7 49.Nd3 Nc5  1/2-1/2

[Event "Geraardsbergen Open 2013"]
[Site "Geraardsbergen BEL"]
[Date "2013.08.10"]
[Round "2"]
[White "Goossens,R"]
[Black "Roos,Frank"]
[Result "1-0"]
[WhiteElo "2102"]
[BlackElo "1858"]

1.Nf3 Nf6 2.c4 g6 3.Nc3 Bg7 4.e4 d6 5.d4 O-O 6.Be2 e5 7.Be3 Nc6 8.d5 Ne7
9.Nd2 Nd7 10.b4 f5 11.f3 f4 12.Bf2 g5 13.c5 Nf6 14.Nc4 a6 15.a4 Ng6 16.b5 Rf7
17.b6 Bf8 18.c6 bxc6 19.dxc6 cxb6 20.Nxb6 Rb8 21.Nxc8 Qxc8 22.Bc4 Qxc6 23.Bxf7+ Kxf7
24.Rc1 Qd7 25.Nd5 Nxd5 26.Qxd5+ Kg7 27.O-O h5 28.Qc6 Qe6 29.Qc7+  1-0

[Event "III Joao Pessoa IM 2013"]
[Site "Joao Pessoa BRA"]
[Date "2013.08.10"]
[Round "3.5"]
[White "Molina,Jo"]
[Black "Souza,Marcos"]
[Result "1/2-1/2"]
[WhiteElo "2141"]
[BlackElo "2064"]

1.Nf3 Nf6 2.c4 g6 3.Nc3 Bg7 4.e4 d6 5.d4 O-O 6.Be2 e5 7.O-O Nbd7 8.Qc2 c6
9.Rd1 Qe7 10.d5 c5 11.g3 Ne8 12.Nh4 Nb6 13.Be3 Bh3 14.Re1 Nd7 15.Bf1 Bxf1
16.Rxf1 Bf6 17.Nf3 Bg7 18.Nh4 Bf6  1/2-1/2

[Event "Stockholm Open 2013"]
[Site "Stockholm SWE"]
[Date "2013.08.10"]
[Round "8.2"]
[White "Jansson,A"]
[Black "Olund,Joar"]
[Result "1/2-1/2"]
[WhiteElo "2116"]
[BlackElo "2226"]

1.Nf3 g6 2.c4 Bg7 3.Nc3 d6 4.d4 Nf6 5.e4 O-O 6.Be2 e5 7.Be3 Ng4 8.Bg5 f6
9.Bh4 g5 10.Bg3 Nh6 11.O-O g4 12.Nh4 Nc6 13.d5 Nd4 14.Bd3 c6 15.Ne2 Qb6 16.Rb1  1/2-1/2

[Event "22nd ZMDI Open 2013"]
[Site "Dresden GER"]
[Date "2013.08.11"]
[Round "2.39"]
[White "Richter,Gera"]
[Black "Peil,C"]
[Result "1-0"]
[WhiteElo "2127"]
[BlackElo "2015"]

1.d4 Nf6 2.c4 g6 3.Nc3 Bg7 4.e4 d6 5.Nf3 O-O 6.Be2 e5 7.Be3 Ng4 8.Bg5 f6
9.Bh4 g5 10.Bg3 Nh6 11.dxe5 dxe5 12.Qb3 g4 13.Rd1 Qe7 14.Nh4 c6 15.O-O Be6
16.f3 Na6 17.Bf2 gxf3 18.gxf3 Kh8 19.Kh1 Rg8 20.Rg1 Bf8 21.Rxg8+ Bxg8 22.Nf5 Nxf5
23.exf5 b5 24.Ne4 Rb8 25.Qc3 Qf7 26.Bh4 Bg7 27.Rd6 b4 28.Qd2 Qh5 29.Bxf6 Qxf5
30.Bxg7+ Kxg7 31.Qh6+ Kh8 32.Rf6 Qd7 33.Rxc6 Nc7 34.Qf6+  1-0

[Event "22nd ZMDI Open 2013"]
[Site "Dresden GER"]
[Date "2013.08.12"]
[Round "3.31"]
[White "Vogel,Roven"]
[Black "Rozov,B"]
[Result "1-0"]
[WhiteElo "2072"]
[BlackElo "2152"]

1.d4 Nf6 2.c4 d6 3.Nf3 Nbd7 4.Nc3 g6 5.e4 e5 6.Be2 Bg7 7.O-O O-O 8.d5 Nc5
9.Qc2 a5 10.Be3 Nfd7 11.Ne1 f5 12.f3 Qe7 13.Nd3 Nxd3 14.Bxd3 Nb8 15.a3 Na6
16.Rab1 Bd7 17.b4 axb4 18.axb4 f4 19.Bf2 g5 20.c5 g4 21.c6 bxc6 22.dxc6 Be6
23.Kh1 g3 24.Bg1 Rfc8 25.b5 Nc5 26.Nd5 Bxd5 27.exd5 h6 28.h3 Ra3 29.Bc4 Kh8
30.Qg6 Rc3 31.Bxc5 Rxc4 32.Bg1 Rd4 33.Bxd4 exd4 34.Rfe1 Qf6 35.Re8+ Rxe8
36.Qxe8+ Kh7 37.b6 Qf5 38.Qe4  1-0

[Event "III Joao Pessoa IM 2013"]
[Site "Joao Pessoa BRA"]
[Date "2013.08.12"]
[Round "7.5"]
[White "Macedo,MIa"]
[Black "Cavalcanti,F"]
[Result "1/2-1/2"]
[WhiteElo "2368"]
[BlackElo "2289"]

1.d4 Nf6 2.c4 g6 3.Nc3 Bg7 4.e4 d6 5.Nf3 O-O 6.Be2 e5 7.Be3 Na6 8.O-O Ng4
9.Bg5 Qe8 10.dxe5 dxe5 11.Nd2 Bf6 12.Bxf6 Nxf6 13.Nd5 Qd8 14.Qc2  1/2-1/2

[Event "XXIV Jozefa Kochana Mem"]
[Site "Koszalin POL"]
[Date "2013.08.12"]
[Round "4.17"]
[White "Sowinski,Ryszard"]
[Black "Bartoszewicz,M"]
[Result "0-1"]
[WhiteElo "1560"]
[BlackElo "1878"]

1.d4 Nf6 2.c4 g6 3.Nc3 Bg7 4.Nf3 O-O 5.e4 d6 6.Be2 e5 7.d5 Nh5 8.Bg5 Qe8
9.Qd2 f5 10.Bh6 Nf4 11.Bxf4 exf4 12.Bd3 Bxc3 13.bxc3 fxe4 14.Bxe4 Qxe4+ 15.Qe2 Bf5
16.Qxe4 Bxe4 17.Nh4 Nd7 18.Kd2 Ne5 19.Rae1 Nxc4+ 20.Kc1 Rae8  0-1

[Event "3rd Split Open 2013"]
[Site "Split CRO"]
[Date "2013.08.12"]
[Round "3.18"]
[White "Slamar,V"]
[Black "Colin,V"]
[Result "0-1"]
[WhiteElo "2147"]
[BlackElo "2402"]

1.d4 Nf6 2.Nf3 g6 3.c4 Bg7 4.Nc3 O-O 5.e4 d6 6.Be2 Na6 7.O-O e5 8.dxe5 dxe5
9.Be3 c6 10.h3 Qe7 11.Qc2 Nh5 12.Rfd1 Nf4 13.Bf1 Nc7 14.a3 Qf6 15.Bc5 Nxh3+
16.gxh3 Qxf3 17.Bxf8 Bxf8 18.Qd3 Qxd3 19.Rxd3 Be6 20.Rad1 Bxc4 21.Rd7 Bxf1
22.Rxc7 Bxh3 23.Rxb7 Be6 24.Rc7 Bc5 25.Rxc6 Bd4 26.Kg2 h5 27.Rd2 h4 28.f4 Be3
29.Rxe6 Bxd2 30.Rxe5 Bxf4 31.Re7 a5 32.Nd5 Bd6 33.Rd7 Be5 34.Kh3 Bxb2 35.a4 Re8
36.Rb7 Bg7 37.Ne7+ Kh7 38.Kg4 Bf6 39.Nd5 Kg7 40.Nxf6 Kxf6 41.Rb6+ Kg7  0-1

[Event "XXIV Jozefa Kochana Mem"]
[Site "Koszalin POL"]
[Date "2013.08.13"]
[Round "5.13"]
[White "Lisinski,H"]
[Black "Smal,Tobiasz"]
[Result "1-0"]
[WhiteElo "1929"]
[BlackElo "1928"]

1.d4 Nf6 2.Nf3 g6 3.c4 Bg7 4.Nc3 O-O 5.e4 d6 6.Be2 Na6 7.O-O e5 8.dxe5 dxe5
9.Qc2 Nh5 10.Rd1 Qe8 11.Nd5 c6 12.Ne3 Nf4 13.Bf1 Qe7 14.a3 Nc5 15.b4 Nce6
16.Bb2 Ng5 17.Nxg5 Qxg5 18.Kh1 Ne6 19.Rd2 Nd4 20.Qd1 Be6 21.Rb1 Rad8 22.Ba1 f5
23.exf5 gxf5 24.c5 f4 25.Nc4 f3 26.Ne3 Nb3 27.Rd6 Nxa1 28.Rxa1 e4 29.Rb1 Be5
30.Rxd8 Rxd8 31.Qc2 fxg2+ 32.Bxg2 Qf4 33.Nf1 Rd3 34.Re1 Bh3 35.Qc4+ Kh8 36.Qxe4 Qxe4
37.Rxe4 Bxg2+ 38.Kxg2 Bb2 39.Re8+ Kg7 40.Re7+ Kg6 41.Rxb7 Rxa3 42.Rc7 Ra6
43.Ne3 Bc3 44.Rb7 Ra4 45.b5 cxb5 46.c6 Be5 47.Rxb5 Bd6 48.Rb7 Ra1 49.Nc4 Bf4
50.c7 Bxc7 51.Rxc7 a5 52.Ra7 a4 53.Ra5 Kf6 54.h4 Ke6 55.Kf3 Ra2 56.Kg3 Kd7
57.Kf4 Kc6 58.f3 Rc2 59.Ne5+  1-0

[Event "22nd ZMDI Open 2013"]
[Site "Dresden GER"]
[Date "2013.08.15"]
[Round "6.19"]
[White "Skibbe,W"]
[Black "Baskin,R"]
[Result "1-0"]
[WhiteElo "2292"]
[BlackElo "2138"]

1.d4 Nf6 2.c4 g6 3.Nc3 Bg7 4.e4 d6 5.Nf3 O-O 6.Be2 e5 7.O-O exd4 8.Nxd4 Re8
9.f3 c6 10.Kh1 Nbd7 11.Nc2 Nh5 12.Bd2 Nc5 13.g4 Nf6 14.Be3 Qe7 15.Qd2 Be6
16.Rad1 Rad8 17.Bg5 a5 18.Rfe1 Bc8 19.Bf1 Ne6 20.Be3 Nd7 21.Qxd6 Qxd6 22.Rxd6 Ne5
23.Rxd8 Rxd8 24.Be2 Nd3 25.Bxd3 Bxc3 26.Rd1 Bxb2 27.Bb6 Rd6 28.Bxa5 Nf4 29.Ne1 Bg7
30.Bc2 Rxd1 31.Bxd1 Be6 32.Bc7 g5 33.Bxf4 gxf4 34.Bb3 c5 35.Nd3 b5 36.Nxf4 Bxc4
37.Bxc4 bxc4 38.Ng2 Bd4 39.Ne1 Kf8 40.Kg2 Ke7 41.f4 Kd6 42.Kf3 Kc6 43.Nc2 Bc3
44.Na3 f6 45.Ke2 Bd4 46.Nxc4 Kb5 47.Kd3 Kb4 48.e5 fxe5 49.fxe5 Kb5 50.e6 Bf6
51.Nd6+ Kc6 52.Nf5  1-0

[Event "22nd ZMDI Open 2013"]
[Site "Dresden GER"]
[Date "2013.08.15"]
[Round "6.3"]
[White "Prohaszka,P2"]
[Black "Das,Arg"]
[Result "1/2-1/2"]
[WhiteElo "2567"]
[BlackElo "2469"]

1.Nf3 Nf6 2.c4 g6 3.Nc3 Bg7 4.d4 O-O 5.e4 d6 6.Be2 e5 7.Be3 Ng4 8.Bg5 f6
9.Bh4 Nc6 10.d5 Ne7 11.Nd2 Nh6 12.f3 c5 13.dxc6 bxc6 14.b4 Be6 15.Bf2 d5
16.cxd5 cxd5 17.Qb3 Qd7 18.exd5 Nxd5 19.Nxd5 Bxd5 20.Bc4 Rfd8 21.O-O Nf5
22.Rad1 Nd4 23.Bxd5+  1/2-1/2

[Event "22nd ZMDI Open 2013"]
[Site "Dresden GER"]
[Date "2013.08.15"]
[Round "6.9"]
[White "Bluebaum,M"]
[Black "Zwahr,P"]
[Result "1-0"]
[WhiteElo "2513"]
[BlackElo "2363"]

1.d4 Nf6 2.c4 g6 3.Nc3 Bg7 4.e4 d6 5.Nf3 O-O 6.Be2 e5 7.Be3 exd4 8.Nxd4 Re8
9.f3 Nc6 10.Qd2 Nh5 11.Nc2 f5 12.O-O Be6 13.Rad1 Kh8 14.Nd5 Qd7 15.b4 Nf6
16.Bg5 Ng8 17.b5 Ne5 18.exf5 Bxf5 19.Nd4 Rac8 20.Ne3 Be6 21.f4 Ng4 22.Nxe6 Nxe3
23.Qxe3 Rxe6 24.Qh3 Qe8 25.Bg4 Re3 26.Qh4 Re2 27.Rfe1 Rxe1+ 28.Rxe1 Qf8 29.Bxc8 Qxc8
30.Qh3 Qxh3 31.gxh3 h6 32.Bh4 g5 33.fxg5 hxg5 34.Bxg5 Be5 35.Kg2 Kg7 36.h4 Nf6
37.Rxe5 dxe5 38.Bxf6+ Kxf6 39.Kf3  1-0

[Event "28th Metropolitan GM"]
[Site "Los Angeles USA"]
[Date "2013.08.16"]
[Round "6"]
[White "Amanov,Z"]
[Black "Matikozian,A"]
[Result "1/2-1/2"]
[WhiteElo "2361"]
[BlackElo "2475"]

1.d4 Nf6 2.c4 g6 3.Nc3 Bg7 4.e4 d6 5.Nf3 O-O 6.Be2 e5 7.O-O Na6 8.Re1 c6
9.Bf1 exd4 10.Nxd4 Ng4 11.h3 Qb6 12.hxg4 Qxd4 13.Qxd4 Bxd4 14.g5 Nc5 15.Bf4 Be5
16.Bd2 f6 17.gxf6 Rxf6 18.f3 a5 19.Bg5 Rf7 20.Be3 Be6 21.Rac1 Raf8 22.b3 Kg7
23.Red1 h6 24.Ne2 g5 25.Rc2 Bc8 26.Rcd2 Rf6  1/2-1/2

[Event "4th Sarkany-Aranytiz IM"]
[Site "Budapest HUN"]
[Date "2013.08.17"]
[Round "1"]
[White "Gal,Ta"]
[Black "Orso,M"]
[Result "0-1"]
[WhiteElo "2240"]
[BlackElo "2327"]

1.d4 Nf6 2.Nf3 g6 3.c4 Bg7 4.Nc3 O-O 5.e4 d6 6.Be2 e5 7.dxe5 dxe5 8.Qxd8 Rxd8
9.Bg5 Nbd7 10.O-O-O Re8 11.Nd2 c6 12.f3 a5 13.Be3 Bf8 14.Na4 Nh5 15.g3 Ng7
16.Nb3 Ne6 17.c5 Be7 18.h4 Ndf8 19.Nb6 Ra7 20.a4 Nd4 21.Bc4 Nfe6 22.Bxe6 Nxe6
23.Rh2 Nc7 24.Nxc8 Rxc8 25.h5 Ne6 26.hxg6 hxg6 27.Rd7 Rc7 28.Rhd2 Rxd7 29.Rxd7 Kf8
30.f4 Ke8 31.Rd1 Ra8 32.Rh1 Bf6 33.Kc2 Ke7 34.f5 gxf5 35.exf5 Nd4+ 36.Nxd4 exd4
37.Bf4 Rg8 38.Kd3 Bg5 39.Be5 Bf6 40.Bf4 Bg5 41.Be5 Bf6 42.Bd6+ Kd7 43.Rh7 Ke8
44.Ke4 Be7 45.Kxd4 Bxd6 46.cxd6 Rxg3 47.Ke5 b5 48.axb5 cxb5 49.Kf6 Rf3 50.d7+ Kxd7
51.Rxf7+ Kd6 52.Ra7 a4 53.Ra8 Rf2 54.Rd8+ Kc5 55.Rd1 Rxb2 56.Rf1 a3 57.Ke6 a2
58.f6 Rb1 59.Rf5+ Kc6 60.f7 Re1+  0-1

[Event "33rd Bratto Open"]
[Site "Bratto ITA"]
[Date "2013.08.18"]
[Round "2.2"]
[White "Sumets,A"]
[Black "Qendro,L"]
[Result "1-0"]
[WhiteElo "2577"]
[BlackElo "2327"]

1.d4 g6 2.c4 Bg7 3.Nf3 d6 4.Nc3 Nf6 5.e4 O-O 6.Be2 e5 7.O-O exd4 8.Nxd4 Re8
9.f3 Nc6 10.Nc2 Nd7 11.Be3 Nb6 12.Qd2 Be6 13.b3 f5 14.Rad1 Qf6 15.Nb5 Qf7
16.Bd3 Re7 17.exf5 Bxf5 18.Bxf5 Qxf5 19.Bf2 Rae8 20.Rfe1 Rxe1+ 21.Rxe1 Rxe1+
22.Nxe1 Qf7 23.Nc2 Nc8 24.Qd5 Qxd5 25.cxd5 Ne5 26.Nxc7 a6 27.Kf1 Nd3 28.Be3 Bb2
29.Ke2 Nc1+ 30.Bxc1 Bxc1 31.Kd3 Kf7 32.Ne3 Ba3 33.Ne6 Ke7 34.Nc4 Bb4 35.a4 b5
36.axb5 axb5 37.Ne3 Nb6 38.Nd4 Bc5 39.Nxb5 Bxe3 40.Kxe3 Nxd5+ 41.Ke4 Nb4
42.Nc7 Nc2 43.f4 Na1 44.b4 Kd7 45.Nd5 Kc6 46.g4 Nb3 47.Nf6 h6 48.f5 gxf5+
49.gxf5 Nd2+ 50.Kf4 Nc4 51.Ng4 h5 52.Ne3 Ne5 53.f6 Kb5 54.Nf5 Nf7 55.Ke4 Kxb4
56.Kd5  1-0

[Event "22nd ZMDI Open 2013"]
[Site "Dresden GER"]
[Date "2013.08.18"]
[Round "9.19"]
[White "Mager,D"]
[Black "Braeuer,F"]
[Result "0-1"]
[WhiteElo "2006"]
[BlackElo "2282"]

1.c4 Nf6 2.Nc3 g6 3.d4 Bg7 4.e4 d6 5.Nf3 O-O 6.Be2 e5 7.d5 a5 8.Bg5 Na6 9.Rb1 Nc5
10.Nd2 c6 11.b3 h6 12.Bh4 Qe8 13.a3 Na6 14.b4 axb4 15.axb4 c5 16.Nb5 Qd8
17.bxc5 Nxc5 18.Qc2 g5 19.Bg3 Ne8 20.Nc3 f5 21.exf5 Bxf5 22.Nce4 Nxe4 23.Nxe4 Qa5+
24.Kf1 Qa2 25.Qxa2 Rxa2 26.Bd3 Rf7 27.h3 Kf8 28.Kg1 Nf6 29.Re1 Bxe4 30.Bxe4 Rc7
31.Bd3 Rd2 32.Bf1 b5 33.cxb5 Nxd5 34.Kh2 Bf6 35.Be2 Nc3 36.b6 Rb7 37.Bg4 Rxb6
38.Ra1 Ra2 39.Rxa2 Nxa2 40.Ra1 Nb4 41.Ra7 Nc6 42.Rc7 Ne7 43.f3 Kg7 44.Be1 Kg6
45.Rd7 Nf5 46.Ba5 Rb5 47.Bd8 Bxd8 48.Rxd8 Rb6 49.Re8 Ng7 50.Rd8 h5 51.Bd7 Kf7
52.Ba4 h4 53.Bc2 Ne6 54.Rd7+ Kf6 55.Be4 Nf4 56.Rd8 d5  0-1

[Event "9th BDO Challenger"]
[Site "Haarlem NED"]
[Date "2013.08.18"]
[Round "2.3"]
[White "De Ruiter,D"]
[Black "Afek,Y"]
[Result "1-0"]
[WhiteElo "2216"]
[BlackElo "2315"]

1.d4 Nf6 2.c4 g6 3.Nc3 Bg7 4.e4 d6 5.Nf3 O-O 6.Be2 Nbd7 7.O-O e5 8.Re1 c6
9.Bf1 Qb6 10.h3 exd4 11.Na4 Qc7 12.Nxd4 Re8 13.Bf4 Rxe4 14.Rxe4 Nxe4 15.Qe1 Bxd4
16.Qxe4 Be5 17.Re1 b6 18.Bxe5 dxe5 19.c5 Bb7 20.b4 Rd8 21.Rd1 Kg7 22.Rd6 Re8
23.Qh4 Nf8 24.Qf6+ Kg8 25.Nc3 bxc5 26.Ne4 Re6 27.Rxe6 Nxe6 28.bxc5 Bc8 29.Nd6 Ng7
30.Qxg7+ Kxg7 31.Ne8+ Kf8 32.Nxc7 Ke7 33.Na6 f5 34.Nb4 Bd7 35.Ba6 Ke6 36.Bb7 Be8
37.Bxc6 Bxc6 38.Nxc6 Kd5 39.Nxa7 Kxc5 40.a4 e4 41.Nb5 Kb4 42.Kf1 Kxa4 43.Nd4 Kb4
44.Ne6 Kc3 45.Ke2 h6 46.h4 Kc4 47.Ke3 Kd5 48.Nf4+  1-0

[Event "Caissa GM Aug 2013"]
[Site "Kecskemet HUN"]
[Date "2013.08.18"]
[Round "3.1"]
[White "Antal,T"]
[Black "Ilincic,Z"]
[Result "0-1"]
[WhiteElo "2358"]
[BlackElo "2426"]

1.d4 Nf6 2.c4 g6 3.Nc3 Bg7 4.e4 d6 5.Nf3 O-O 6.Be2 e5 7.O-O Nh5 8.Bg5 f6
9.Be3 Nc6 10.c5 Nf4 11.Bc4+ Kh8 12.cxd6 cxd6 13.d5 Ne7 14.Bxf4 exf4 15.Qd2 g5
16.Ne2 Qe8 17.Qb4 Qh5 18.Nfd4 Ng6 19.f3 g4 20.Qxd6 f5 21.exf5 Bxf5 22.Nxf5 Rxf5
23.Bd3 gxf3 24.Rxf3 Rg5 25.Kh1 Rxg2 26.Kxg2 Nh4+ 27.Kg1 Qxf3 28.Be4 Qxe4
29.Kf2 Qg2+ 30.Ke1 Nf3+ 31.Kd1 Qf1+ 32.Kc2 Qxe2+ 33.Kb3 Nd4+  0-1

[Event "28th Schwarzacher Open"]
[Site "Schwarzach AUT"]
[Date "2013.08.18"]
[Round "2.7"]
[White "Van Foreest,Lucas"]
[Black "Grimberg,B"]
[Result "0-1"]
[WhiteElo "2085"]
[BlackElo "2369"]

1.d4 Nf6 2.c4 g6 3.Nc3 Bg7 4.e4 d6 5.Nf3 O-O 6.Be2 e5 7.O-O exd4 8.Nxd4 Re8
9.f3 Nc6 10.Be3 Nh5 11.Nd5 f5 12.g4 Nf6 13.gxf5 gxf5 14.Bg5 Ne5 15.exf5 c6
16.Nf4 Qb6 17.Kh1 Nf7 18.Bh4 Nd5 19.Nxd5 Qxd4 20.Qxd4 Bxd4 21.Nc7 Rxe2 22.Nxa8 Bxf5
23.Rae1 Rxb2 24.Nc7 Ne5 25.Rd1 Bh3 26.Rg1+ Bxg1 27.Rxg1+ Kf7  0-1

[Event "21st Troya Open 2013"]
[Site "Canakkale TUR"]
[Date "2013.08.19"]
[Round "4.19"]
[White "Buker,M"]
[Black "Eren,Yusuf Kemal"]
[Result "1-0"]
[WhiteElo "2100"]
[BlackElo "1829"]

1.d4 Nf6 2.c4 g6 3.Nc3 Bg7 4.e4 d6 5.Nf3 O-O 6.Be2 e5 7.O-O exd4 8.Nxd4 Re8
9.f3 c6 10.Nc2 Be6 11.Be3 d5 12.cxd5 cxd5 13.e5 Nfd7 14.f4 f6 15.Nd4 Qb6
16.Na4 Qa5 17.b4 Qxb4 18.Nxe6 Rxe6 19.Qxd5 Nf8 20.Nc5 Qb6 21.Nxe6 Qxe6 22.Bc4  1-0

[Event "12th Lichtenberger Sommer"]
[Site "Berlin GER"]
[Date "2013.08.20"]
[Round "4.39"]
[White "Sappok,Marius"]
[Black "Badestein,H"]
[Result "1/2-1/2"]
[WhiteElo "1971"]
[BlackElo "2083"]

1.c4 Nf6 2.Nc3 d6 3.d4 Nbd7 4.Nf3 e5 5.e4 g6 6.Be2 Bg7 7.O-O O-O 8.Qc2 c6
9.Rd1 Qe7 10.Rb1 Re8 11.d5 c5 12.Ne1 Nh5 13.Bxh5 gxh5 14.Rd3 h4 15.Qe2 Nf8
16.Qh5 Ng6 17.Ne2 Rf8 18.Bg5 Bf6 19.Bh6 Bg7 20.Bg5  1/2-1/2

[Event "12th Lichtenberger Sommer"]
[Site "Berlin GER"]
[Date "2013.08.21"]
[Round "5.94"]
[White "Matitschka,Heinz"]
[Black "Dittrich,Tom"]
[Result "1-0"]
[WhiteElo "1774"]
[BlackElo "1648"]

1.d4 Nf6 2.c4 g6 3.Nc3 Bg7 4.e4 d6 5.Nf3 Nbd7 6.Be2 O-O 7.O-O e5 8.Be3 c6
9.dxe5 dxe5 10.Qc2 Qe7 11.Rfd1 Re8 12.a3 h6 13.b4 Ng4 14.Bc1 a5 15.Rb1 b6
16.h3 Ngf6 17.Be3 Ba6 18.Na4 axb4 19.axb4 b5 20.Nc5 Nxc5 21.Bxc5 Qb7 22.Bd6 bxc4
23.Bxe5 Nxe4 24.Qxe4 Bxe5 25.Nxe5 Qe7 26.f4 f6 27.Rd7 f5 28.Bxc4+  1-0

[Event "33rd Bratto Open"]
[Site "Bratto ITA"]
[Date "2013.08.21"]
[Round "5.3"]
[White "Levin,F"]
[Black "Hunt,A"]
[Result "1/2-1/2"]
[WhiteElo "2478"]
[BlackElo "2430"]

1.Nf3 Nf6 2.c4 g6 3.Nc3 Bg7 4.e4 d6 5.d4 O-O 6.Be2 e5 7.Be3 Ng4 8.Bg5 f6
9.Bh4 g5 10.Bg3 Nh6 11.dxe5 dxe5 12.Qxd8 Rxd8 13.h4 g4 14.Nd2 Be6 15.O-O-O Na6
16.a3 Nf7 17.f3 gxf3 18.gxf3 c6 19.Bf2 Bh6 20.Kc2 b6 21.Na4  1/2-1/2

[Event "4th Sarkany-Aranytiz IM"]
[Site "Budapest HUN"]
[Date "2013.08.22"]
[Round "6"]
[White "Orso,M"]
[Black "Brustkern,J"]
[Result "1/2-1/2"]
[WhiteElo "2327"]
[BlackElo "2227"]

1.d4 Nf6 2.Nf3 g6 3.c4 Bg7 4.Nc3 O-O 5.e4 d6 6.Be2 e5 7.dxe5 dxe5 8.Qxd8 Rxd8
9.h3 Nbd7 10.Be3 c6 11.O-O Rf8 12.Rfd1 Re8 13.a3 a5 14.Rab1  1/2-1/2

[Event "9th BDO Challenger"]
[Site "Haarlem NED"]
[Date "2013.08.22"]
[Round "6.5"]
[White "De Ruiter,D"]
[Black "Buchal,S"]
[Result "1-0"]
[WhiteElo "2216"]
[BlackElo "2296"]

1.d4 g6 2.c4 Bg7 3.Nf3 d6 4.Nc3 Nf6 5.e4 O-O 6.Be2 Na6 7.O-O e5 8.dxe5 dxe5
9.Be3 Ng4 10.Bg5 f6 11.Bd2 c6 12.h3 Nh6 13.Qc1 Nf7 14.Rd1 Qe7 15.a3 Nc5 16.Qc2 f5
17.b4 Ne6 18.Bd3 f4 19.Bf1 g5 20.b5 h5 21.bxc6 bxc6 22.Nd5 cxd5 23.Bb4 Qf6
24.cxd5 Nd4 25.Nxd4 exd4 26.Bxf8 Bxf8 27.Qc6 Qxc6 28.dxc6 Bc5 29.Rac1 Bb6
30.Bc4 Kf8 31.c7 Bb7 32.Bd5 Bxd5 33.c8=Q+ Rxc8 34.Rxc8+ Ke7 35.exd5 Kd6 36.Rf8 Ne5
37.Rf5 g4 38.Re1 d3 39.Rfxe5 d2 40.Rd1 Kxe5 41.Rxd2 g3 42.d6 Bxf2+ 43.Kf1 Bb6
44.d7 Bd8 45.Ke2  1-0

[Event "Caissa IM Aug 2013"]
[Site "Kecskemet HUN"]
[Date "2013.08.22"]
[Round "9.3"]
[White "Betaneli,A"]
[Black "Sean,W"]
[Result "1/2-1/2"]
[WhiteElo "2247"]
[BlackElo "2287"]

1.c4 Nf6 2.Nc3 g6 3.e4 d6 4.d4 Bg7 5.Nf3 O-O 6.Be2 Nbd7 7.O-O e5 8.dxe5 dxe5
9.Qc2 c6 10.b4 Nh5 11.Bg5 Qc7 12.Rfd1 Ndf6 13.g3 Bh3 14.c5 h6 15.Bd2 Kh7
16.Nh4 Rad8 17.f3 Qe7 18.Be3 Nd7 19.Rd6 Nf4 20.Bf1 Bxf1 21.Rxf1 Bf6 22.Ng2 Ne6
23.Ne2 a5 24.a3 axb4 25.axb4 Nc7 26.Qd2 Nb5 27.Rd3 Nb8 28.Rd1 Qe6 29.Qc1 Rxd3
30.Rxd3 h5 31.Qd2 Qc4 32.Bh6 Re8 33.Ne3 Qe6 34.Nc2 Qc4 35.Be3 Qe6 36.Nc3  1/2-1/2

[Event "TCh-POR Div1 Final 2013"]
[Site "Matosinhos POR"]
[Date "2013.08.22"]
[Round "6.2"]
[White "Cavaleiro,D"]
[Black "Valdes,M"]
[Result "1-0"]
[WhiteElo "1893"]
[BlackElo "2081"]

1.d4 Nf6 2.c4 g6 3.Nc3 d6 4.e4 Bg7 5.Be2 Nbd7 6.Nf3 e5 7.O-O O-O 8.Rb1 exd4
9.Nxd4 Nc5 10.Bf3 a5 11.Bg5 h6 12.Be3 Re8 13.Qc2 Bg4 14.Nb3 Nxb3 15.Qxb3 Bxf3
16.gxf3 Nh5 17.Qxb7 Qh4 18.Kg2 Be5 19.Rh1 Rab8 20.Qc6 Kg7 21.Nd5 Bf4 22.Qxc7 Qg5+
23.Kf1 Bxe3 24.fxe3 Nf6 25.Qxa5 Nxd5 26.Qxd5 Qxe3 27.Qd1 Re6 28.Qe2 Qf4 29.Rg1 Rbe8
30.Rg4 Qe5 31.Qd2 Kh7 32.Qf4 Qg7 33.h4 h5 34.Rg5 R8e7 35.Rd5 Rf6 36.Qe3 Rfe6
37.Qd4 Qh6 38.Qd2 Qg7 39.Rxd6 Qf6 40.Rd3 Qxh4 41.Qf2 Qf4 42.Kg2 Re5 43.Rd5 Rxe4
44.fxe4 Qxe4+ 45.Kh2 Qxb1 46.a4 Qe4 47.b3 Qg4 48.Rd2 Qe4 49.Qf6 Qe1 50.Rf2 Qb4
51.a5 Ra7 52.Qb6 Qxa5 53.Rxf7+ Kh6 54.Qxa7 Qe5+ 55.Kh1 Qe1+ 56.Qg1 Qh4+ 57.Qh2 Qe1+
58.Kg2 Qe2+ 59.Rf2 Qe4+ 60.Kg1 Qg4+ 61.Qg2 Qd4 62.Qf3 Qb6 63.Qf8+ Kg5 64.Qf4+  1-0

[Event "TCh-POR Div1 Final 2013"]
[Site "Matosinhos POR"]
[Date "2013.08.22"]
[Round "6.1"]
[White "Santos,AntonioP"]
[Black "Aguiar,H"]
[Result "1/2-1/2"]
[WhiteElo "2263"]
[BlackElo "2107"]

1.d4 Nf6 2.c4 g6 3.Nc3 Bg7 4.e4 d6 5.Nf3 O-O 6.Be2 Na6 7.O-O e5 8.Re1 exd4
9.Nxd4 Re8 10.Bf1 Nc5 11.f3 a5 12.Be3 Qe7 13.Qd2 Bd7 14.Rad1 Red8 15.Bg5 c6
16.Nb3 Nxb3 17.axb3 Be8 18.Na4 Qc7 19.Qf2 h6 20.Bf4 Nh5 21.Be3 Qe7 22.Nb6 Rab8
23.g4 Nf6 24.Qd2 Nh7 25.Bxh6 Bxh6 26.Qxh6 Ng5 27.Bg2 Qf6 28.Rf1 Qf4 29.Kh1 f6
30.h4 Ne6 31.Qxf4 Nxf4 32.Rd2 Kf8 33.Ra1 Ke7 34.Rxa5 Bf7 35.Kh2 Ne6 36.b4 Rh8
37.Kg3 Nc7 38.Bf1 Be6 39.Ra3 f5 40.exf5 gxf5 41.Rad3 Rbd8 42.Rd4 Rdf8 43.g5 f4+
44.Rxf4 Rxf4 45.Kxf4 Rxh4+ 46.Kg3 Rh1 47.Bg2 Rh5 48.f4 Ne8 49.Re2 Kf7 50.Bf3 Rh3+
51.Kg2 Rh4 52.Kg3 Rh3+ 53.Kf2 Rh4 54.Ke3 Ng7 55.Be4 Rh3+ 56.Kf2 Rb3 57.b5 cxb5
58.c5 dxc5 59.Bxb7 Rd3 60.Bc8 Rd6  1/2-1/2